Maʼsāt al-muḥāmīn fī al-ʻIrāq. (Record no. 50170)

MARC details
000 -LEADER
fixed length control field 00513cam a22002051 4500
001 - CONTROL NUMBER
control field ne 68000809
003 - CONTROL NUMBER IDENTIFIER
control field DLC
005 - DATE AND TIME OF LATEST TRANSACTION
control field 20260227111839.0
008 - FIXED-LENGTH DATA ELEMENTS--GENERAL INFORMATION
fixed length control field 950421s1960 xx 000 0 arao
010 ## - LIBRARY OF CONGRESS CONTROL NUMBER
LC control number ne 68000809
035 ## - SYSTEM CONTROL NUMBER
System control number (OCoLC)32352686
040 ## - CATALOGING SOURCE
Original cataloging agency DLC
Transcribing agency CU
Modifying agency CU
-- DLC
042 ## - AUTHENTICATION CODE
Authentication code premarc
050 00 - LIBRARY OF CONGRESS CALL NUMBER
Classification number DS79.65
Item number .N3
100 1# - MAIN ENTRY--PERSONAL NAME
Personal name Nājī, Hilāl.
245 10 - TITLE STATEMENT
Title Maʼsāt al-muḥāmīn fī al-ʻIrāq.
260 ## - PUBLICATION, DISTRIBUTION, ETC.
Date of publication, distribution, etc. [1960]
300 ## - PHYSICAL DESCRIPTION
Extent 55 p.
Dimensions 20 cm.
651 #0 - SUBJECT ADDED ENTRY--GEOGRAPHIC NAME
Geographic name Iraq
General subdivision Politics and government.

No items available.

Powered by Koha